000 00331nam a2200145Ia 4500
008 230711s9999||||xx |||||||||||||| ||und||
041 _aENG
082 _a624
_bMI-C
100 _aMittal,R
245 0 _aCivil objectives
250 _a1st
260 _c1994
_aJabalpur
_bGK Publications
650 _aCivil Engineering
942 _cBK
999 _c2672
_d2672